000 00602nam a2200241Ia 4500
003 OSt
005 20220912152432.0
006 a|||||r|||| 00| 0
007 ta
008 220909b |||||||| |||| 00| 0 eng d
024 _a47733
037 _cTextual
040 _aCSL
_beng
_cCSL
041 _aeng
082 _aG910Fun1:N5, K0
100 _aHockenhul D J D Ed.
245 0 _aProgress in industrial microbiology
260 _c1960
300 _ap.
_ccm.
650 _aMicrobiology
942 _hG910Fun1:N5, K0
_cTEXL
_2CC
999 _c85933
_d85933